CELEBRYCI, KTÓRZY WYSTĘPOWALI W REKLAMACH PLAY - Statystyki

Ogólne statystyki
  • Ten quiz został rozwiązany 93 razy
  • Średni wynik to 2 z 6
Statystyki odpowiedzi
Odpowiedź % Poprawnych
KUBA WOJEWÓDZKI
74%
BARBARA KURDEJ-SZATAN
61%
AGNIESZKA CHYLIŃSKA
28%
MARGARET
18%
ADAM MAŁYSZ
15%
JOANNA KRUPA
1%
Nie znaleziono quizów pasujących do podanych kryteriów
Rozkład punktacji
Procent ludzi z każdym wynikiem
Percentyl według liczby udzielonych odpowiedzi
Twoja historia wyników
Nie rozwiązałeś tego quizu